00828nam a22002177a 45000010005000000030006000050050017000110080041000280200018000690400029000870820008001161000021001242450072001452500036002172600033002533000049002865200141003356500076004767000029005527000029005813215FISKH20250325122952.0240220b cb ||||| |||| 00| 0 eng d a9780733977145 aFISKHbengcFISKHdFISKH a910 aZuylen, Sue Van  aGeography focus 1 / cSue van Zuylen, Glyn Trethewy, Helen McIsaac  aThis edition published in 2013  aVitoria : bPearson, c2007  a350 pages : bcolor illustrations ; c28 cm  aGeography Focus is a series specifically written to provide comprehensive coverage of the Stages 4-5 New South Wales Geography syllabus. aGeography vTextbooks xMcIsaac, HelenySue Van ZuylenzGeography focus aTrethewy, Glyn eAuthor  aMcIsaac, Helen eAuthor